| 000 | 00657nam a2200169 4500 | ||
|---|---|---|---|
| 001 | 117172 | ||
| 003 | ES-MaACL | ||
| 005 | 20230906190836.0 | ||
| 007 | t| | ||
| 008 | 070301s1904 sp r ||||1| spa d | ||
| 100 | 1 |
_aPastor Guillén, Eduardo. _989509 |
|
| 245 | 1 | 3 |
_aLa colibacilosis _b: tésis del Doctorado por Eduardo Pastor Guillén presentada el día 5 de Noviembre de 1902, mantenida y aprobada el día 12 de Marzo de 1903 / _cEduardo Pastor Guillén. |
| 260 |
_aZaragoza : _b[s.n.], _c1904 ( _fMariano Escar) |
||
| 300 |
_a44 p. : _bil. ; _c24 cm. |
||
| 500 | _aPrecede al tít.: Facultad de Medicina de Madrid. | ||
| 852 |
_aES-MaACL _jT-1047-F-12 |
||
| 999 |
_c117172 _d117172 |
||